Statistiche per Calciatori con più Presenze in Serie A con una sola Squadra

Clicka qui per fare il quiz!

Statistiche generali

  • Questo quiz è stato fatto 8 volte
  • Il punteggio medio è 8 su 10

Statistiche sulle risposte

PresenzeNazioneAnni in Serie ASquadraCalciatore% Corretto
489Italia2001−2006, 2007–2018, 2019-2021JuventusGianluigi Buffon
100%
647Italia1984−2009MilanPaolo Maldini
100%
459Italia2002–2019RomaDaniele De Rossi
88%
619Italia1992–2017RomaFrancesco Totti
88%
470Italia1977−1980, 1981-1982, 1983-1997MilanFranco Baresi
88%
519Italia1980−1999InterGiuseppe Bergomi
88%
615Argentina1995−2014InterJavier Zanetti
88%
478Italia1993−2006, 2007−2012JuventusAlessandro Del Piero
75%
475Italia1960−1978InterGiacinto Facchetti
63%
501Italia1960−1979MilanGianni Rivera
63%

Distribuzione punteggi

Percentile per numero di risposta

Percentuale di utenti per punteggio

I tuoi punteggi nel tempo

Non hai fatto questo quiz